LEADER 00975nam0-22003251i-450- 001 990000508300403321 005 20071012140139.0 010 $a3-540-09402-4 035 $a000050830 035 $aFED01000050830 035 $a(Aleph)000050830FED01 035 $a000050830 100 $a20020821d1980----km-y0itay50------ba 101 0 $aeng 105 $aa-------001yy 200 1 $a<>Monte Carlo methods in atmospheric optics$fby G.I. Marchuk ... [et al.] 210 $aBerlin ; Heidelberg$cSpringer-Verlag$d1980 215 $a208 p.$cill.$d23 cm 225 1 $aSpringer series in optical sciences$v12 610 0 $aOttica meteorologica 610 0 $aMetodo Monte Carlo 676 $a551.527 702 1$aMarcuk,$bGurij Ivanovic 801 0$aIT$bUNINA$gRICA$2UNIMARC 901 $aBK 912 $a990000508300403321 952 $a10 B III 309$bL/191 CNR$fDINEL 959 $aDINEL 996 $aMonte Carlo methods in atmospheric optics$9330689 997 $aUNINA